[Event "Kadettallsvenskan Helsingborg"]
[Site "Helsingborg"]
[Date "2016.05.14"]
[Round "3.10"]
[White "Sun, Eric"]
[Black "Akke, Mattias"]
[Result "0-1"]
[WhiteElo "1083"]
[BlackElo "1528"]

1.e4 c5 2.Nf3 Nc6 3.d4 cxd4 4.Nxd4 Nf6 5.Nc3 e5 6.Nb3 Bb4 7.Bg5 h6 8.Bxf6 
Qxf6 9.Qd2 Nd4 10.g3 Nf3+ 0-1

[Event "Kadettallsvenskan Helsingborg"]
[Site "Helsingborg"]
[Date "2016.05.15"]
[Round "4.1"]
[White "Nabbing, Johanna"]
[Black "Szczepanowski, Tomasz"]
[Result "0-1"]
[WhiteElo "1343"]
[BlackElo "1744"]

1.Nf3 d6 2.g3 g6 3.Bg2 Bg7 4.d3 e5 5.e4 Ne7 6.O-O O-O 7.Nc3 h6 8.d4 Be6 9.
Be3 f5 10.Qd2 Kh7 11.exf5 Nxf5 12.dxe5 dxe5 13.b3 Nc6 14.Rad1 Qe7 15.Nd5 
Qf7 16.Nb4 Rad8 17.Qc3 e4 18.Nd4 Ncxd4 19.Bxd4 Nxd4 20.Qe3 a5 21.c3 Nf5 
22.Qxe4 axb4 23.cxb4 c6 24.Rfe1 Bd5 25.Qc2 Bxg2 26.Kxg2 Rxd1 27.Rxd1 Ne3+ 
28.fxe3 Qf3+ 29.Kg1 Qxe3+ 30.Kh1 Qf3+ 31.Kg1 Bd4+ 32.Rxd4 Qf1# 0-1

[Event "Kadettallsvenskan Helsingborg"]
[Site "Helsingborg"]
[Date "2016.05.15"]
[Round "4.2"]
[White "Jonsson, Filip"]
[Black "Lindholm, Marcus"]
[Result "1-0"]
[WhiteElo "1469"]
[BlackElo "1197"]

1.d4 d5 2.c4 c6 3.Nf3 Nf6 4.Nc3 Be6 5.cxd5 cxd5 6.h3 h6 7.Bf4 Nc6 8.e3 g5 
9.Bh2 Bg7 10.Qb3 Qb6 11.Qxb6 axb6 12.Nb5 Kd7 13.a3 Ne4 14.Nd2 Nxd2 15.Kxd2
f6 16.Bd3 Bf7 17.Rac1 e5 18.Bf5+ Be6 19.Bxe6+ Kd8 20.Bxd5 Kd7 21.dxe5 fxe5
22.Ke2 Ra5 23.Rhd1 Ke7 24.Bxc6 bxc6 25.Nd6 Rd5 26.Rxd5 cxd5 27.Nf5+ Kf6 
28.Nxg7 Rg8 29.Nh5+ Ke6 30.Rc6+ 1-0

[Event "Kadettallsvenskan Helsingborg"]
[Site "Helsingborg"]
[Date "2016.05.15"]
[Round "4.3"]
[White "Strom-Engdahl, Alexander"]
[Black "Fakhr Eldin, Majed"]
[Result "1-0"]
[WhiteElo "1196"]
[BlackElo "1377"]

1.g3 e5 2.d3 d5 3.Bg2 Nf6 4.Bg5 d4 5.Nd2 h6 6.Bxf6 Qxf6 7.Ne4 Qb6 8.Rb1 
Qa5+ 9.c3 Nc6 10.Qb3 Be6 11.Qxb7 Nb8 12.Qxa8 Qb6 13.c4 c6 14.Bh3 f5 15.Nd2
Bc8 16.Nb3 Bd6 17.Kf1 Bb7 18.c5 Qa6 19.Qxb7 Qxb7 20.cxd6 O-O 21.Nf3 Nd7 
22.Bg2 Qa6 23.Ra1 Rb8 24.Nfd2 Qb5 25.a4 Qb6 26.Ra3 c5 27.Bd5+ Kh7 28.Nc4 
Qb4 29.Bc6 Nb6 30.Nxe5 Rd8 31.d7 Kg8 32.Bb5 c4 33.Nc6 Qd6 34.Nxd8 cxb3 35.
Nb7 Qc7 36.d8=Q+ 1-0

[Event "Kadettallsvenskan Helsingborg"]
[Site "Helsingborg"]
[Date "2016.05.15"]
[Round "4.4"]
[White "Uhrberg, Hillevi"]
[Black "Sun, Eric"]
[Result "0-1"]
[WhiteElo "1131"]
[BlackElo "1083"]

1.d4 Nf6 2.Nf3 g6 3.Bf4 Bg7 4.e3 O-O 5.c3 d5 6.Bd3 Bg4 7.Nbd2 Nbd7 8.Qc2 
Bxf3 9.Nxf3 c5 10.b3 Rc8 11.c4 Qb6 12.O-O Qa5 13.Rfc1 Rc6 14.Qe2 Rfc8 15.
Ne5 Nxe5 16.Bxe5 dxc4 17.bxc4 b6 18.d5 R6c7 19.Bxc7 Rxc7 20.Rab1 Rd7 21.
Rd1 Rd6 22.Qd2 Qa6 23.f3 Rd7 24.e4 Nh5 25.Qe3 Bd4 26.Qxd4 cxd4 27.Rb2 Qc8 
0-1

[Event "Kadettallsvenskan Helsingborg"]
[Site "Helsingborg"]
[Date "2016.05.15"]
[Round "4.7"]
[White "Ng, Klemens"]
[Black "Nord, Alexander"]
[Result "1-0"]
[WhiteElo "1903"]
[BlackElo "1580"]

1.e4 e5 2.Nf3 Nc6 3.d4 exd4 4.Bc4 Nf6 5.O-O d6 6.Nxd4 Be7 7.Nc3 O-O 8.f4 
Nxd4 9.Qxd4 Be6 10.Be3 Qd7 11.Rad1 Bxc4 12.Qxc4 Qc6 13.Qd3 Ng4 14.Nd5 Bf6 
15.Bd4 Bxd4+ 16.Qxd4 Qc5 17.Qxc5 dxc5 18.h3 Nf6 19.Nxf6+ gxf6 20.Rd7 Rfe8 
21.e5 Rad8 22.Rxc7 Rd2 23.Rf2 Rxf2 24.Kxf2 fxe5 25.Rxb7 a6 26.Rc7 exf4 27.
Rxc5 Rd8 28.Ke2 Re8+ 29.Kf3 Re3+ 30.Kxf4 Re2 31.Kf3 Rd2 32.b4 Kf8 33.a4 
Rd4 34.c3 Rd3+ 35.Ke2 Rg3 36.Kf2 Rd3 37.b5 Rd6 38.Ke3 Ke7 39.Re5+ Kd7 40.
c4 axb5 41.axb5 Kc7 42.c5 Rd7 43.Ke4 Rd2 44.Re7+ Kc8 45.Rxf7 Rxg2 46.b6 
Rc2 47.Kd5 Rg2 48.b7+ Kb8 49.Kc6 Rg6+ 50.Kb5 Rh6 51.c6 Ka7 52.Rf8 Rh5+ 53.
Kc4 Rh4+ 54.Kd5 Rb4 55.Ra8+ 1-0

[Event "Kadettallsvenskan Helsingborg"]
[Site "Helsingborg"]
[Date "2016.05.15"]
[Round "4.8"]
[White "Szumniak, Jedrzej"]
[Black "Troberg Eskola, Love"]
[Result "1-0"]
[WhiteElo "1945"]
[BlackElo "1881"]

1.d4 d5 2.c4 e6 3.cxd5 exd5 4.Nc3 c6 5.Nf3 f5 6.Bg5 Qb6 7.Qc2 Bd6 8.e3 Be6
9.Bd3 Nd7 10.O-O g6 11.a3 Ngf6 12.Na4 Qc7 13.Nc5 Kf7 14.Bh6 Bxc5 15.dxc5 
b6 16.Bf4 Qb7 17.Ng5+ Ke7 18.Bd6+ Ke8 19.Nxe6 Kf7 20.Nc7 Nxc5 21.Nxa8 Nxd3
22.Qxd3 Rxa8 23.b4 Ne4 24.Bg3 h5 25.Rac1 g5 26.f3 Nxg3 27.hxg3 Kg6 28.g4 
hxg4 29.fxg4 Rf8 30.Rxf5 Rxf5 31.Qxf5+ Kh6 32.Rf1 Qg7 33.Qf6+ Kh7 34.Qf5+ 
Kh6 35.Qe6+ Kh7 36.Rf7 Kh8 37.Rxg7 1-0

[Event "Kadettallsvenskan Helsingborg"]
[Site "Helsingborg"]
[Date "2016.05.15"]
[Round "4.9"]
[White "Torngren, Gustav"]
[Black "Rosager, Sixten"]
[Result "1-0"]
[WhiteElo "1810"]
[BlackElo "1556"]

1.d4 Nf6 2.c4 c5 3.d5 e6 4.Nc3 exd5 5.cxd5 d6 6.Nf3 g6 7.Nd2 Nbd7 8.e4 Bg7
9.Be2 O-O 10.O-O Re8 11.Qc2 a6 12.a4 Ne5 13.f4 Neg4 14.Nc4 h5 15.h3 Nh6 
16.Bd3 Qc7 17.a5 Nd7 18.Na4 Rb8 19.Nab6 Nxb6 20.Nxb6 Bd7 21.Kh1 Bb5 22.Bc4
f5 23.e5 dxe5 24.d6+ 1-0

[Event "Kadettallsvenskan Helsingborg"]
[Site "Helsingborg"]
[Date "2016.05.15"]
[Round "4.10"]
[White "Akke, Mattias"]
[Black "Ng, Agnes"]
[Result "1-0"]
[WhiteElo "1528"]
[BlackElo "1428"]

1.e4 c5 2.Nc3 Nc6 3.f4 g6 4.Nf3 Bg7 5.Bc4 e6 6.d3 Nge7 7.O-O O-O 8.Qe1 Re8
9.Qh4 Nd4 10.f5 d5 11.f6 dxc4 12.fxg7 Nxc2 13.Ng5 h5 14.g4 f5 15.gxh5 Qd4+
16.Rf2 Kxg7 17.h6+ Kg8 18.Nb5 Qd7 19.h7+ Kg7 20.Bf4 Nc6 21.Rxc2 cxd3 22.
Rd2 e5 23.Bg3 f4 24.Bf2 a6 25.Nd6 Qxd6 26.h8=Q+ Rxh8 27.Qxh8+ Kxh8 28.Nf7+
Kg7 29.Nxd6 Bg4 30.Rxd3 Nb4 31.Rd2 b6 32.Nc4 Bf3 33.Re1 Kf6 34.a3 Na2 35.
Nxb6 Re8 36.Nd7+ Kg7 37.Rd5 Rd8 38.Nb6 Re8 39.Bxc5 Bg4 40.Nc4 Kf6 41.Bd6 
Be6 42.Bxe5+ Ke7 43.Rc5 Bxc4 44.Rxc4 Kf8 45.Bxf4 1-0

[Event "Kadettallsvenskan Helsingborg"]
[Site "Helsingborg"]
[Date "2016.05.15"]
[Round "4.11"]
[White "Torngren, Alexander"]
[Black "Bensryd, Hampus"]
[Result "0-1"]
[WhiteElo "1284"]
[BlackElo "1480"]

1.e4 e5 2.Nf3 Nc6 3.Bc4 Bc5 4.O-O Nf6 5.Re1 d6 6.h3 O-O 7.c3 Be6 8.Bxe6 
fxe6 9.Qb3 Qc8 10.Rd1 Nxe4 11.d4 exd4 12.cxd4 Bb6 13.Be3 d5 14.Nc3 Nd6 15.
Qc2 Nf5 16.Rd2 Qe8 17.Rb1 Qg6 18.Re1 Rae8 19.Ne5 Nxe5 20.dxe5 d4 21.Bxd4 
Nxd4 22.Qxg6 hxg6 23.Na4 Nc6 24.Nxb6 axb6 25.Re3 Rd8 26.Rc2 Rd5 27.Rg3 Kh7
28.Rc4 Rxe5 29.Rh4+ Rh5 30.Rhg4 Rf6 31.Re4 Re5 32.Rh4+ Kg8 33.Ra4 Kf7 34.
Ra8 Re1+ 35.Kh2 Rxf2 36.b3 Rd2 37.Rf3+ Ke7 38.Rff8 Rd8 39.Rfxd8 Nxd8 40.
Ra7 Re3 41.Ra4 Nc6 42.Rg4 Ne5 43.Ra4 Kd7 44.Ra8 Re2 45.Ra7 Kc6 46.Ra4 b5 
47.Ra3 b4 48.Ra5 b6 49.Ra8 Nd3 50.a4 bxa3 51.Rxa3 Ne1 52.Ra4 Rxg2+ 0-1

[Event "Kadettallsvenskan Helsingborg"]
[Site "Helsingborg"]
[Date "2016.05.15"]
[Round "5.1"]
[White "Szumniak, Jedrzej"]
[Black "Szczepanowski, Tomasz"]
[Result "0-1"]
[WhiteElo "1945"]
[BlackElo "1744"]

1.d4 Nf6 2.c4 e5 3.dxe5 Ng4 4.Bf4 Nc6 5.Nf3 Bb4+ 6.Nc3 Qe7 7.Qd5 f6 8.exf6
Nxf6 9.Qd3 O-O 10.g3 Ne4 11.Bg2 d6 12.O-O Nxc3 13.bxc3 Bc5 14.Ng5 Bf5 15.
Bd5+ Kh8 16.e4 Bg4 17.h3 h6 18.hxg4 hxg5 19.Kg2 g6 20.Be3 Ne5 21.Qe2 Bxe3 
22.Qxe3 c6 23.Qd4 cxd5 24.f4 gxf4 25.gxf4 Qd7 26.f5 Kg7 27.g5 gxf5 28.Rh1 
fxe4 29.Rh4 Qf5 30.Qe3 Qf3+ 31.Qxf3 exf3+ 32.Kf2 dxc4 33.Rd4 Nd3+ 34.Kf1 
Rh8 35.Kg1 Rh5 36.Rxc4 Rah8 0-1

[Event "Kadettallsvenskan Helsingborg"]
[Site "Helsingborg"]
[Date "2016.05.15"]
[Round "5.2"]
[White "Jonsson, Filip"]
[Black "Nord, Alexander"]
[Result "0-1"]
[WhiteElo "1469"]
[BlackElo "1580"]

1.d4 e6 2.e4 d5 3.Nc3 Bb4 4.e5 c5 5.Nf3 Nc6 6.Be3 Nge7 7.a3 Bxc3+ 8.bxc3 
Nf5 9.Bd3 Nxe3 10.fxe3 Qa5 11.Qd2 cxd4 12.exd4 Bd7 13.O-O O-O 14.Rfb1 Rab8
15.Rb3 Qc7 16.Qg5 h6 17.Qh4 Na5 18.Rbb1 Qxc3 19.Rf1 Nc6 20.Rab1 Qxa3 21.
Rb3 Qe7 22.Qxe7 Nxe7 23.c4 dxc4 24.Bxc4 Bc6 25.Rfb1 b6 26.Ra3 Rb7 27.Rba1 
a5 28.Rb3 Bd5 29.Bxd5 Nxd5 30.Rxa5 bxa5 31.Rxb7 Ra8 32.Rb3 a4 33.Ra3 Nc7 
34.Nd2 Nb5 35.Ra2 a3 36.Nb1 Nxd4 37.Rxa3 Rxa3 38.Nxa3 Nc6 39.Nc4 g5 40.g4 
Kg7 41.Kf2 f6 42.exf6+ Kxf6 43.Ke3 Ne5 44.Nxe5 Kxe5 45.h3 Kd5 46.Kd3 e5 
47.Ke3 e4 48.Ke2 Kd4 49.Kd2 e3+ 50.Ke2 Ke4 51.Ke1 Kf3 52.Kf1 Kg3 0-1

[Event "Kadettallsvenskan Helsingborg"]
[Site "Helsingborg"]
[Date "2016.05.15"]
[Round "5.3"]
[White "Rosager, Sixten"]
[Black "Fakhr Eldin, Majed"]
[Result "1-0"]
[WhiteElo "1556"]
[BlackElo "1377"]

1.e4 c5 2.Nf3 Nc6 3.d4 cxd4 4.Nxd4 Nf6 5.Nc3 e6 6.f3 Bb4 7.Bg5 h6 8.Bh4 
O-O 9.Bb5 g5 10.Bg3 Qb6 11.Bf2 Bc5 12.Na4 Qa5+ 13.c3 Bxd4 14.Bxc6 Bxf2+ 
15.Kxf2 bxc6 16.Qd4 Kg7 17.h4 e5 18.Qc4 Ba6 19.Qb3 Rab8 20.Qc2 Bb5 21.hxg5
hxg5 22.Qd2 Nh7 23.Rxh7+ Kg6 24.Rah1 Kf6 25.Qd6# 1-0

[Event "Kadettallsvenskan Helsingborg"]
[Site "Helsingborg"]
[Date "2016.05.15"]
[Round "5.4"]
[White "Uhrberg, Hillevi"]
[Black "Akke, Mattias"]
[Result "0-1"]
[WhiteElo "1131"]
[BlackElo "1528"]

1.d4 d5 2.Nf3 Nf6 3.Bf4 Bf5 4.e3 e6 5.c3 c5 6.Nbd2 a6 7.Qa4+ Nbd7 8.Qd1 
Nh5 9.Bg3 Nxg3 10.hxg3 Bd6 11.Nh4 Bg6 12.Nxg6 fxg6 13.Bd3 O-O 14.Qg4 Qf6 
15.O-O-O b5 16.Nf3 Rfc8 17.Ng5 Nf8 18.Qh4 c4 19.Bc2 b4 20.Nxh7 Qxh4 21.
Rxh4 Nxh7 22.Bxg6 Nf6 23.Re1 Rab8 24.Re2 a5 25.cxb4 axb4 26.Rc2 b3 27.axb3
cxb3 28.Rxc8+ Rxc8+ 29.Kd2 Ne4+ 30.Bxe4 dxe4 31.Rxe4 Ba3 32.d5 Bxb2 33.Rb4
Bc3+ 34.Kd3 Bxb4 0-1

[Event "Kadettallsvenskan Helsingborg"]
[Site "Helsingborg"]
[Date "2016.05.15"]
[Round "5.5"]
[White "Bensryd, Hampus"]
[Black "Uhrberg, Saga"]
[Result "1-0"]
[WhiteElo "1480"]
[BlackElo "1100"]

1.e4 e5 2.Nf3 Nc6 3.Bc4 Bc5 4.c3 Nf6 5.d3 d6 6.O-O O-O 7.Nbd2 Be6 8.Bb3 
Re8 9.Re1 d5 10.Nf1 d4 11.cxd4 Nxd4 12.Bxe6 Rxe6 13.Be3 Bb4 14.Nxd4 exd4 
15.Bd2 Bxd2 16.Nxd2 b5 17.f4 h5 18.h3 g6 19.Nf3 Nd7 20.Qb3 Rb8 21.Ng5 Re7 
22.Qd1 f6 23.Qb3+ Kf8 24.Ne6+ Rxe6 25.Qxe6 Nc5 26.Qc6 Nxd3 27.Red1 Nxf4 
28.Rf1 Ne2+ 29.Kh2 Qe7 30.Rxf6+ Kg8 31.Rxg6+ Kf8 32.Rf1+ Nf4 33.Rxf4+ Qf7 
34.Rxf7+ Kxf7 35.Qe6+ Kf8 36.Rg8# 1-0

[Event "Kadettallsvenskan Helsingborg"]
[Site "Helsingborg"]
[Date "2016.05.15"]
[Round "5.6"]
[White "Wu, Oskar"]
[Black "Morell, Ludvig"]
[Result "0-1"]
[WhiteElo "1100"]
[BlackElo "1209"]

1.e4 c5 2.Nf3 d6 3.d4 cxd4 4.Nxd4 Nf6 5.Nc3 a6 6.Bc4 b5 7.Bb3 e6 8.Nf3 Be7
9.e5 dxe5 10.Qxd8+ Bxd8 11.Nxe5 Bc7 12.Nf3 Bb7 13.Nh4 Nbd7 14.O-O O-O 15.
Bg5 Rfe8 16.Rad1 Rad8 17.Rfe1 Bb6 18.a4 b4 19.Na2 a5 20.c3 bxc3 21.bxc3 h6
22.Bxf6 Nxf6 23.Rb1 Ng4 24.Kf1 Nxh2+ 25.Kg1 Ng4 26.Kh1 Nxf2+ 27.Kh2 Bc7+ 
28.g3 Nd3 29.Red1 Ne5 30.Rxd8 Rxd8 31.Bc4 Nxc4 32.Rxb7 Be5 33.Rb5 Rd2+ 34.
Kh3 Rxa2 35.Rc5 Rxa4 36.Nf3 Bxc3 37.g4 Ba1 38.g5 Ra3 39.Kg4 Ne3+ 40.Kh5 
g6+ 41.Kxh6 Bg7# 0-1

[Event "Kadettallsvenskan Helsingborg"]
[Site "Helsingborg"]
[Date "2016.05.15"]
[Round "5.7"]
[White "Ng, Klemens"]
[Black "Storme, Isak"]
[Result "0-1"]
[WhiteElo "1903"]
[BlackElo "2101"]

1.e4 c5 2.Nf3 d6 3.d4 cxd4 4.Nxd4 Nf6 5.Nc3 Nc6 6.Bc4 Qb6 7.Nb3 a6 8.Be3 
Qc7 9.f3 b5 10.Bd3 e6 11.Qd2 h5 12.O-O-O Bd7 13.Rhg1 Ne5 14.Qe2 b4 15.Nb1 
a5 16.Nd4 a4 17.a3 d5 18.Nb5 Qa5 19.Nd4 Rb8 20.Bd2 Qb6 21.c3 Nxd3+ 22.Qxd3
bxa3 23.b4 axb3 24.Bf4 a2 25.Bxb8 a1=Q 26.Be5 Qa2 27.Rd2 Qa4 28.Kd1 Bb5 
29.Qe3 Qa1 30.Ke1 Qxb1+ 31.Kf2 Nxe4+ 32.fxe4 Qxe4 33.Rb2 Qxe3+ 34.Kxe3 f6 
0-1

[Event "Kadettallsvenskan Helsingborg"]
[Site "Helsingborg"]
[Date "2016.05.15"]
[Round "5.8"]
[White "Winsnes, Gabriel"]
[Black "Troberg Eskola, Love"]
[Result "1-0"]
[WhiteElo "1698"]
[BlackElo "1881"]

1.c4 e6 2.g3 d5 3.d4 c6 4.Bg2 f5 5.Nc3 Nf6 6.Nh3 Be7 7.O-O O-O 8.b3 Ne4 9.
Bb2 Nd7 10.Nxe4 fxe4 11.Qc2 Nf6 12.Rac1 Bd7 13.f3 exf3 14.exf3 Qb6 15.Kh1 
Rac8 16.Rce1 Bb4 17.Re2 Qa6 18.a3 Bd6 19.Ng5 Rfe8 20.Rfe1 c5 21.dxc5 h6 
22.Qg6 hxg5 23.cxd6 Rf8 24.Bh3 dxc4 25.bxc4 Qxc4 26.Rxe6 Qc2 27.Rxf6 Rxf6 
28.Qxc2 Rxc2 29.Bxf6 Bxh3 30.Bxg5 Bd7 31.Re7 Bh3 32.d7 Rd2 33.Bxd2 1-0

[Event "Kadettallsvenskan Helsingborg"]
[Site "Helsingborg"]
[Date "2016.05.15"]
[Round "5.9"]
[White "Torngren, Gustav"]
[Black "Ben Said, Aria"]
[Result "1-0"]
[WhiteElo "1810"]
[BlackElo "1594"]

1.d4 d5 2.c4 c6 3.Nc3 Nf6 4.Nf3 dxc4 5.a4 e6 6.e3 Bb4 7.Bxc4 Nd5 8.Bd2 Qa5
9.Qb3 b5 10.Bxd5 cxd5 11.Nxb5 Nc6 12.Bxb4 Qxb4+ 13.Qxb4 Nxb4 14.Kd2 Ke7 
15.Rhc1 Bd7 16.Rc7 a6 17.Ne5 Rhd8 18.Na7 Kd6 19.Rac1 Be8 20.Nc8+ Raxc8 21.
Rxc8 Rxc8 22.Rxc8 Bxa4 23.Nxf7+ Ke7 24.Rc7+ Kf6 25.Nd6 e5 26.dxe5+ Kxe5 
27.Nb7 1-0

[Event "Kadettallsvenskan Helsingborg"]
[Site "Helsingborg"]
[Date "2016.05.15"]
[Round "5.10"]
[White "Olsson, William"]
[Black "Ng, Agnes"]
[Result "0-1"]
[WhiteElo "1549"]
[BlackElo "1428"]

1.Nf3 c5 2.e4 Nc6 3.d4 cxd4 4.Nxd4 g6 5.Be3 Bg7 6.Nc3 Nf6 7.Qd2 Ng4 8.Nxc6
bxc6 9.h3 Nxe3 10.Qxe3 O-O 11.h4 Rb8 12.O-O-O a5 13.h5 d6 14.hxg6 fxg6 15.
Bc4+ e6 16.Qg3 Be5 17.Qh3 Qg5+ 18.Rd2 h5 19.Bxe6+ Bxe6 20.Qxe6+ Kh8 21.Ne2
Bxb2+ 22.Kd1 Ba3 23.Nc3 Qxg2 24.Re1 Qf3+ 25.Ree2 Qxc3 26.Re3 Qa1+ 27.Ke2 
Bc5 28.Rf3 Rxf3 29.Kxf3 Rf8+ 30.Kg2 Qf6 31.Qd7 Qg5+ 0-1

[Event "Kadettallsvenskan Helsingborg"]
[Site "Helsingborg"]
[Date "2016.05.15"]
[Round "5.11"]
[White "Torngren, Alexander"]
[Black "Hattab, Nuhad"]
[Result "0-1"]
[WhiteElo "1284"]
[BlackElo "1433"]

1.e4 e5 2.Nf3 Nc6 3.Bc4 Nf6 4.Ng5 d5 5.exd5 Nd4 6.d6 Qxd6 7.Nxf7 Qc6 8.
Nxh8 Qxg2 9.c3 Qxh1+ 10.Bf1 Qe4+ 11.Be2 Nc2+ 12.Kf1 Qh1# 0-1

[Event "Kadettallsvenskan Helsingborg"]
[Site "Helsingborg"]
[Date "2016.05.15"]
[Round "6.1"]
[White "Storme, Isak"]
[Black "Szczepanowski, Tomasz"]
[Result "1/2-1/2"]
[WhiteElo "2101"]
[BlackElo "1744"]

1.e4 e5 2.Nf3 Nc6 3.Nc3 Nf6 4.Bb5 Bb4 5.O-O O-O 6.d3 d6 7.Ne2 Bg4 8.c3 
Bxf3 9.gxf3 Bc5 10.d4 Bb6 11.Bxc6 bxc6 12.Qa4 Qd7 13.Rd1 Qh3 14.Ng3 h5 15.
Rd3 h4 16.Nf5 Ng4 1/2-1/2

[Event "Kadettallsvenskan Helsingborg"]
[Site "Helsingborg"]
[Date "2016.05.15"]
[Round "6.2"]
[White "Jonsson, Filip"]
[Black "Winsnes, Gabriel"]
[Result "0-1"]
[WhiteElo "1469"]
[BlackElo "1698"]

1.d4 Nf6 2.Bg5 Ne4 3.Bf4 c5 4.f3 Qa5+ 5.c3 g5 6.Bxb8 Nxc3 7.Nxc3 Rxb8 8.
dxc5 Bg7 9.Qc2 Qxc5 10.Rc1 O-O 11.Ne4 Qb4+ 12.Qd2 Qb6 13.e3 h6 14.Bd3 d5 
15.Nc3 d4 16.exd4 Bxd4 17.Nge2 Bf2+ 18.Kf1 Be3 19.Qc2 Bxc1 20.Qxc1 Rd8 21.
Qc2 Be6 22.Ng3 Qe3 23.Be2 Rd2 24.Qe4 Qxe4 25.Ngxe4 Rxb2 26.a4 f5 27.Nc5 
Rc8 28.Nd1 Rxe2 29.Kxe2 Rxc5 30.Ne3 Ra5 31.Ra1 b5 32.Nc2 Rxa4 33.Rxa4 bxa4
34.Na3 Kf7 35.Ke3 Kf6 36.Kd4 Bb3 37.g3 e5+ 38.Kd3 a6 39.Nb1 e4+ 40.fxe4 
fxe4+ 41.Ke3 Ke5 42.Na3 h5 43.Nb1 Bc2 44.Na3 Bd3 0-1

[Event "Kadettallsvenskan Helsingborg"]
[Site "Helsingborg"]
[Date "2016.05.15"]
[Round "6.3"]
[White "Ben Said, Aria"]
[Black "Fakhr Eldin, Majed"]
[Result "1-0"]
[WhiteElo "1594"]
[BlackElo "1377"]

1.d4 d5 2.c4 c6 3.Nc3 Nf6 4.e3 Bf5 5.cxd5 cxd5 6.Nf3 e6 7.Ne5 a6 8.Qa4+ 
Nbd7 9.Be2 b5 10.Qd1 Bb4 11.O-O Nb6 12.Nc6 Bxc3 13.Nxd8 Bxd4 14.Nxf7 Bxb2 
15.Nd6+ Kd7 16.Bxb2 Kxd6 17.Bxf6 gxf6 18.Qd4 Nc4 19.Bxc4 bxc4 20.Qxf6 Rhc8
21.Qc3 Be4 22.f4 Rg8 23.g3 h5 24.Qe5+ Kd7 25.Qxh5 c3 26.Qf7+ Kd6 27.Qf6 c2
28.f5 Bxf5 29.Rxf5 Rab8 30.Rff1 Rgc8 31.Rfc1 Rb7 32.Qf2 Rbc7 33.a3 Rc3 34.
Ra2 Rd3 35.Rcxc2 Rxc2 36.Rxc2 Rxa3 37.Qf8+ 1-0

[Event "Kadettallsvenskan Helsingborg"]
[Site "Helsingborg"]
[Date "2016.05.15"]
[Round "6.4"]
[White "Uhrberg, Hillevi"]
[Black "Olsson, William"]
[Result "1/2-1/2"]
[WhiteElo "1131"]
[BlackElo "1549"]

1.d4 c5 2.Nf3 e6 3.Bf4 Nc6 4.e3 Qb6 5.b3 cxd4 6.exd4 Nf6 7.c3 d5 8.Bd3 Be7
9.O-O O-O 10.Nbd2 Rd8 11.Re1 h6 12.Ne5 Nd7 13.Ndf3 Ndxe5 14.Nxe5 Nxe5 15.
Bxe5 Bd6 16.Qe2 Bxe5 17.Qxe5 Qd6 18.Qxd6 Rxd6 19.Rac1 Bd7 20.f3 Rc8 21.Kf2
f6 22.g4 Kf7 23.f4 a6 24.f5 exf5 25.Bxf5 Bxf5 26.gxf5 b5 27.Re2 Re8 28.
Rxe8 Kxe8 29.Ke3 Rc6 30.Kd3 Kd7 31.c4 Kd6 32.c5+ Ke7 33.Kc3 Kd7 34.Kb4 Rc8
35.Ka5 Rc6 36.Rc2 Kc7 37.Rg2 Kd8 38.Rxg7 Ke8 39.Rg6 Kf8 40.h4 Kf7 41.Rxh6 
Kg7 42.Rg6+ Kh7 43.h5 Kh8 44.h6 Kh7 45.Kb4 Kh8 46.Ka5 Kh7 47.a3 Kh8 48.Rg7
1/2-1/2

[Event "Kadettallsvenskan Helsingborg"]
[Site "Helsingborg"]
[Date "2016.05.15"]
[Round "6.5"]
[White "Hattab, Nuhad"]
[Black "Uhrberg, Saga"]
[Result "1-0"]
[WhiteElo "1433"]
[BlackElo "1100"]

1.e4 e5 2.Nf3 Nc6 3.Nc3 Bc5 4.Be2 Nf6 5.d3 d6 6.Bg5 O-O 7.Nd5 Be6 8.Nxf6+ 
gxf6 9.Bh6 Re8 10.Qd2 a5 11.O-O d5 12.h3 Qd7 13.Ng5 dxe4 14.Nxe4 Qe7 15.
Nxc5 Qxc5 16.Qe3 Qxc2 17.Qg3+ Kh8 18.Qg7# 1-0

[Event "Kadettallsvenskan Helsingborg"]
[Site "Helsingborg"]
[Date "2016.05.15"]
[Round "6.6"]
[White "Wu, Oskar"]
[Black "Rasti, Arvin"]
[Result "0-1"]
[WhiteElo "1100"]
[BlackElo "1354"]

1.e4 e5 2.Nf3 Nc6 3.Bb5 Bc5 4.d3 h6 5.Bxc6 dxc6 6.Nxe5 Bxf2+ 7.Kxf2 Qd4+ 
8.Be3 Qxe5 9.Nc3 Nf6 10.g3 Ng4+ 11.Ke2 Nxe3 12.Kxe3 Be6 13.d4 Qg5+ 14.Kf2 
O-O-O 15.Qd3 Bg4 16.Kg2 Kb8 17.h3 Be6 18.Rad1 h5 19.h4 Qf6 20.Qf3 Qxf3+ 
21.Kxf3 Bg4+ 22.Ke3 Bxd1 23.Rxd1 f6 24.Kf3 g5 25.d5 cxd5 26.exd5 gxh4 27.
gxh4 Rhg8 28.Ne4 a6 29.Kf4 Rg4+ 30.Kf5 Rxh4 31.Nxf6 Rh2 32.Ke6 h4 33.Ke7 
Rd6 34.Ne8 Rg6 35.d6 cxd6 36.Nxd6 Rxc2 37.Rh1 Re2+ 38.Kf7 Rxd6 39.Rxh4 
Rxb2 40.Ke7 Rc6 41.Rh8+ Ka7 42.a4 Rc4 43.Kd7 Rd2+ 44.Ke6 Rxa4 45.Rh5 Rc4 
46.Ke5 Rc5+ 47.Kf6 Rxh5 48.Kg6 Rdd5 49.Kg7 Rd6 50.Kg8 Rd7 51.Kf8 Rh8# 0-1

[Event "Kadettallsvenskan Helsingborg"]
[Site "Helsingborg"]
[Date "2016.05.15"]
[Round "6.7"]
[White "Szumniak, Jedrzej"]
[Black "Batra, Sagar"]
[Result "1/2-1/2"]
[WhiteElo "1945"]
[BlackElo "1601"]

1.d4 d5 2.c4 c6 3.Nc3 Nf6 4.Nf3 e6 5.Bg5 Nbd7 6.e3 Bd6 7.Bd3 dxc4 8.Bxc4 
b5 9.Bd3 Bb7 10.e4 Be7 11.O-O O-O 12.a3 a5 13.Qe2 h6 14.Bf4 b4 15.Na4 c5 
16.Rac1 Rc8 17.Rfd1 cxd4 18.Rxc8 Qxc8 19.Nxd4 e5 20.Nf5 Qe8 1/2-1/2

[Event "Kadettallsvenskan Helsingborg"]
[Site "Helsingborg"]
[Date "2016.05.15"]
[Round "6.8"]
[White "Ngyen, Gabriel"]
[Black "Nord, Alexander"]
[Result "1-0"]
[WhiteElo "1859"]
[BlackElo "1580"]

1.d4 e6 2.c4 d5 3.Nc3 Nf6 4.Nf3 Be7 5.Bg5 Nbd7 6.e3 h6 7.Bh4 O-O 8.Bd3 c5 
9.cxd5 cxd4 10.dxe6 dxc3 11.exd7 cxb2 12.dxc8=Q bxa1=Q 13.Bh7+ Kxh7 14.
Qxd8 Bb4+ 15.Kf1 Qxa2 16.Q8d3+ Kh8 17.Bxf6 gxf6 18.Q1b1 Qa4 19.Qh7# 1-0

[Event "Kadettallsvenskan Helsingborg"]
[Site "Helsingborg"]
[Date "2016.05.15"]
[Round "6.9"]
[White "Rosager, Sixten"]
[Black "Sahlstrom, Axel"]
[Result "1-0"]
[WhiteElo "1556"]
[BlackElo "1100"]

1.e4 e5 2.Nf3 Nc6 3.Bb5 Bc5 4.O-O Nf6 5.Re1 d6 6.h3 O-O 7.c3 Be6 8.d4 exd4
9.cxd4 Bb4 10.Nc3 d5 11.exd5 Bxd5 12.a3 Bxc3 13.bxc3 h6 14.c4 Be4 15.d5 
Ne7 16.Bb2 Bxf3 17.Qxf3 Nd7 18.Qg4 Ng6 19.Qxd7 Qg5 20.Qg4 Qd8 21.Re2 Qd6 
22.Rae1 c6 23.dxc6 bxc6 24.Ba4 Rab8 25.Qd4 Qc7 26.Qxg7# 1-0

[Event "Kadettallsvenskan Helsingborg"]
[Site "Helsingborg"]
[Date "2016.05.15"]
[Round "6.10"]
[White "Wei, Jun Jun"]
[Black "Akke, Mattias"]
[Result "1/2-1/2"]
[WhiteElo "1138"]
[BlackElo "1528"]

1.e4 c5 2.Nf3 Nc6 3.Bc4 g6 4.Nc3 Bg7 5.O-O e6 6.Re1 Nge7 7.d3 O-O 8.Be3 b6
9.Qd2 d5 10.exd5 exd5 11.Bb3 d4 12.Bg5 dxc3 13.bxc3 Re8 14.Qf4 Kh8 15.Qxf7
Rf8 16.Qc4 Qd6 17.Ba4 Ne5 18.Nxe5 Bxe5 19.g3 Bf6 20.Bf4 Qd8 21.Bh6 Bg7 22.
Bg5 Bf6 23.Bh6 Bg7 24.Bg5 1/2-1/2

[Event "Kadettallsvenskan Helsingborg"]
[Site "Helsingborg"]
[Date "2016.05.15"]
[Round "6.11"]
[White "Bensryd, Hampus"]
[Black "Berglund, Anton"]
[Result "1-0"]
[WhiteElo "1480"]
[BlackElo "1100"]

1.e4 e5 2.Nf3 Nc6 3.Bc4 Bc5 4.c3 Nf6 5.d3 d6 6.a4 O-O 7.b4 Nxb4 8.cxb4 
Bxb4+ 9.Bd2 Bc5 10.Nc3 Bg4 11.h3 Bh5 12.Bg5 c6 13.O-O a5 14.Be3 Bb4 15.Na2
d5 16.Nxb4 dxc4 17.Nc2 cxd3 18.Nce1 Bxf3 19.gxf3 Qd7 20.Kh2 b5 21.Qxd3 
bxa4 22.Qxd7 Nxd7 23.Rxa4 Rfc8 24.Bd2 Ra6 25.Rxa5 Rxa5 26.Bxa5 c5 27.Bc3 
Nb6 28.Bxe5 c4 29.Rg1 c3 30.Rxg7+ Kf8 31.Rxh7 Nd7 32.Rh8+ Ke7 33.Rxc8 Nxe5
34.Rxc3 Ke6 35.f4 Ng6 36.Rc6+ Kd7 37.Rxg6 fxg6 38.Kg3 Ke7 39.Kg4 Kf7 40.
Kg5 Kg7 41.e5 Kf7 42.Nf3 Kg7 43.e6 Kf8 44.Kxg6 Ke7 45.Ng5 Ke8 46.Kf6 Kf8 
47.e7+ Ke8 48.Ne4 Kd7 49.Kf7 Kc6 50.e8=Q+ Kb6 51.Qc8 Ka7 52.Nc5 Kb6 53.
Nd7+ Ka7 54.Qb8+ Ka6 55.Qb6# 1-0

[Event "Kadettallsvenskan Helsingborg"]
[Site "Helsingborg"]
[Date "2016.05.15"]
[Round "6.12"]
[White "Batra, Sahil"]
[Black "Morell, Ludvig"]
[Result "0-1"]
[WhiteElo "1100"]
[BlackElo "1209"]

1.e4 c5 2.Nf3 d6 3.Bc4 Nc6 4.d3 Bd7 5.Nc3 e6 6.Be3 Be7 7.O-O Qc7 8.Bg5 
Bxg5 9.Nxg5 Nf6 10.Qd2 h6 11.Nf3 g5 12.Nb5 Qb8 13.d4 cxd4 14.Nfxd4 Nxe4 
15.Qd3 Nf6 16.Nxc6 Bxc6 17.Nxd6+ Ke7 18.Bb5 Qxd6 19.Qb3 Bxb5 20.Qxb5 Qd7 
21.Qe5 Qd6 22.Qc3 Rhc8 23.Qf3 Qc6 24.Qh3 Qc7 25.Qxh6 Rh8 26.Qxh8 Rxh8 27.
g3 Qxc2 28.Rfc1 Qh7 29.Kf1 Qxh2 30.Ke2 Ng4 31.Kf3 f5 32.Rf1 Qh5 33.Kg2 Nh2
34.Rh1 Qf3+ 35.Kg1 Qh5 36.Kg2 f4 37.f3 Qxf3+ 38.Kg1 fxg3 39.Rf1 Qxf1# 0-1